| 000 | 00502nam a2200181 a 4500 | ||
|---|---|---|---|
| 005 | 20140310183154.0 | ||
| 008 | 021015s19uu xx 00 eng d | ||
| 020 | _a9712327388 | ||
| 050 |
_aHB 171.5 _b.P139 2000 |
||
| 100 | _aPagoso, Cristobal M. | ||
| 245 |
_aIntroduction to microeconomics / _cCristobal M. Pagoso. |
||
| 260 |
_aManila : _bREX Book Store, _c2000. |
||
| 300 |
_a303 p. : _bill. ; _c25 cm. |
||
| 521 | _aBSBA | ||
| 650 | _aMicroeconomics | ||
| 942 |
_cBK _2lcc _kLOC |
||
| 999 |
_c19710 _d19710 |
||